000 00308nam a22001337a 4500
020 _aNA
082 _222
_a339
100 _aMceonnell Compbe II R., Brue stanleyrbiero Thomas.
245 _aMicro economic /
250 _a10th
260 _aMGH
_bMGH
_cc2005
300 _a943p,;
_bNA
_c24cm.
942 _2ddc
_cMAG
999 _c2832
_d2832